[Event "Canadian op"]
[Site "Regina"]
[Date "2019.07.15"]
[Round "6"]
[White "Yao, Sammy"]
[Black "Ma, Derek"]
[Result "1/2-1/2"]
[WhiteElo "1986"]
[BlackElo "1925"]
[PlyCount "54"]
[EventDate "2019.07.12"]
[EventType "swiss"]
[EventRounds "9"]
[EventCountry "CAN"]
[SourceTitle "EXT 2020"]
[Source "ChessBase"]
[SourceDate "2019.10.17"]
[SourceVersion "1"]
[SourceVersionDate "2019.10.17"]
[SourceQuality "1"]

1. c4 e5 2. g3 h5 3. h4 Nc6 4. Bg2 Bc5 5. Nc3 Nf6 6. d3 d6 7. Bg5 Be6 8. a3 Qd7 9. Bxf6 gxf6 10. Ne4 Ke7 11. Qd2 Rag8 12. Nxc5 dxc5 13. b4 Rd8 14. b5 Nd4 15. Qc3 b6 16. Nf3 Nxf3+ 17. Bxf3 Qd4 18. Qxd4 Rxd4 19. 0-0-0 f5 20. e3 Rd6 21. Be2 Rhd8 22. Kc2 e4 23. dxe4 fxe4 24. Rxd6 Rxd6 25. Rd1 Rxd1 26. Kxd1 Bg4 27. Bxg4 hxg4 1/2-1/2

[Event "Canadian op"]
[Site "Regina"]
[Date "2019.07.13"]
[Round "2"]
[White "Yao, Sammy"]
[Black "Haessel, Dale R"]
[Result "0-1"]
[WhiteElo "1986"]
[BlackElo "2148"]
[PlyCount "111"]
[EventDate "2019.07.12"]
[EventType "swiss"]
[EventRounds "9"]
[EventCountry "CAN"]
[SourceTitle "EXT 2020"]
[Source "ChessBase"]
[SourceDate "2019.10.17"]
[SourceVersion "1"]
[SourceVersionDate "2019.10.17"]
[SourceQuality "1"]

1. c4 Nf6 2. g3 g6 3. Bg2 d5 4. Nf3 Bg7 5. cxd5 Nxd5 6. Nc3 Nxc3 7. bxc3 Nc6 8. 0-0 0-0 9. d4 Na5 10. e4 c5 11. e5 Be6 12. Ng5 Bd5 13. Ne4 cxd4 14. cxd4 Rc8 15. Be3 Rc4 16. f4 f5 17. Nd2 Rc3 18. Qe2 Bxg2 19. Kxg2 Qd5+ 20. Qf3 Rd8 21. Qxd5+ Rxd5 22. Kf2 Nc6 23. Nb3 Rc2+ 24. Kg1 e6 25. Rfc1 Re2 26. Re1 Rxe1+ 27. Rxe1 Bf8 28. Rc1 Ba3 29. Rc4 Kf7 30. Ra4 Bb4 31. a3 Be7 32. Nc5 b6 33. Nb3 Rb5 34. Nd2 Na5 35. Kf2 Rb2 36. Ke1 Ra2 37. Nf3 h6 38. Bd2 Rxa3 39. Rxa3 Bxa3 40. Bxa5 bxa5 41. Kd2 Ke7 42. Kd3 Kd7 43. Kc4 Kc6 44. Nh4 g5 45. fxg5 hxg5 46. Nf3 Be7 47. h4 gxh4 48. gxh4 a4 49. h5 a3 50. Kb3 Bf8 51. Ng5 Kd5 52. Ka2 f4 53. Kb3 Bh6 54. Nf3 Ke4 55. d5 Kxd5 56. Kxa3 0-1

[Event "Ottawa Ontario op"]
[Site "Ottawa"]
[Date "2017.05.20"]
[Round "2"]
[White "Sambuev, Bator"]
[Black "Yao, Sammy"]
[Result "1-0"]
[WhiteElo "2599"]
[BlackElo "2083"]
[PlyCount "55"]
[EventDate "2017.05.20"]
[EventType "swiss"]
[EventRounds "6"]
[EventCountry "CAN"]
[SourceTitle "EXT 2022"]
[Source "ChessBase"]
[SourceDate "2021.10.06"]
[SourceVersion "1"]
[SourceVersionDate "2021.10.06"]
[SourceQuality "1"]

1. Nf3 g6 2. c4 Bg7 3. Nc3 d6 4. d4 Nd7 5. e4 c6 6. Be2 Qc7 7. 0-0 e5 8. d5 Ne7 9. dxc6 bxc6 10. Qd2 Nc5 11. Rd1 Nb7 12. b4 0-0 13. a4 h6 14. a5 a6 15. Qc2 Be6 16. Be3 c5 17. Nd5 Bxd5 18. cxd5 Rfc8 19. bxc5 Nxc5 20. Nd2 Qd8 21. Nc4 Rc7 22. Rab1 f5 23. f3 fxe4 24. fxe4 Raa7 25. Rb6 Nc8 26. Rc6 Rxc6 27. dxc6 Qc7 28. Nxd6 1-0

[Event "Ottawa RA Fall op"]
[Site "Ottawa"]
[Date "2016.09.23"]
[Round "3"]
[White "Kuryliw, Ray"]
[Black "Yao, Sammy"]
[Result "1/2-1/2"]
[WhiteElo "1879"]
[BlackElo "2083"]
[PlyCount "49"]
[EventDate "2016.09.21"]
[EventType "swiss"]
[EventRounds "5"]
[EventCountry "CAN"]
[SourceTitle "EXT 2022"]
[Source "ChessBase"]
[SourceDate "2021.10.06"]
[SourceVersion "1"]
[SourceVersionDate "2021.10.06"]
[SourceQuality "1"]

1. d4 d6 2. g3 g6 3. Bg2 Bg7 4. c3 Nd7 5. Nd2 c6 6. Ngf3 Qc7 7. 0-0 b5 8. a4 Rb8 9. Ne4 bxa4 10. Qxa4 a6 11. Nh4 Nb6 12. Qa5 Nd5 13. Nd2 Qxa5 14. Rxa5 Ngf6 15. e4 Nc7 16. e5 dxe5 17. dxe5 Nfd5 18. f4 0-0 19. Ne4 Ne6 20. Rd1 f6 21. exf6 exf6 22. Nd6 Nec7 23. Nxc8 Rfxc8 24. Nf3 Rb5 25. Rxb5 1/2-1/2

[Event "Gatineau Outaouais op"]
[Site "Gatineau"]
[Date "2016.06.05"]
[Round "5"]
[White "Sambuev, Bator"]
[Black "Yao, Sammy"]
[Result "1-0"]
[WhiteElo "2645"]
[BlackElo "2310"]
[PlyCount "77"]
[EventDate "2016.06.03"]
[EventType "swiss"]
[EventRounds "5"]
[EventCountry "CAN"]
[SourceTitle "EXT 2022"]
[Source "ChessBase"]
[SourceDate "2021.10.06"]
[SourceVersion "1"]
[SourceVersionDate "2021.10.06"]
[SourceQuality "1"]

1. Nf3 Nf6 2. c4 g6 3. Nc3 Bg7 4. e4 d6 5. d4 0-0 6. Be2 e5 7. 0-0 Nc6 8. d5 Ne7 9. Ne1 Nd7 10. Be3 f5 11. f3 f4 12. Bf2 g5 13. Rc1 Ng6 14. c5 dxc5 15. b4 c4 16. Bxc4 Kh8 17. Nd3 Nf6 18. Nc5 g4 19. Ne6 Bxe6 20. dxe6 gxf3 21. Qxf3 c6 22. Rfd1 Qe8 23. b5 Ne7 24. bxc6 bxc6 25. Rb1 Qg6 26. Rb7 Rae8 27. Bc5 Nfg8 28. Rdd7 Bf6 29. Rxa7 Qg5 30. a4 Nh6 31. h3 Rg8 32. a5 Rg7 33. Bf1 Ng6 34. Rxg7 Bxg7 35. a6 Nh4 36. Qf2 Bf6 37. Rb7 Qg8 38. a7 Bg5 39. Bd6 1-0

[Event "Gatineau Outaouais op"]
[Site "Gatineau"]
[Date "2016.06.05"]
[Round "4"]
[White "Vettese, Nicholas"]
[Black "Yao, Sammy"]
[Result "0-1"]
[WhiteElo "2275"]
[BlackElo "2063"]
[PlyCount "104"]
[EventDate "2016.06.03"]
[EventType "swiss"]
[EventRounds "5"]
[EventCountry "CAN"]
[SourceTitle "EXT 2022"]
[Source "ChessBase"]
[SourceDate "2021.10.06"]
[SourceVersion "1"]
[SourceVersionDate "2021.10.06"]
[SourceQuality "1"]

1. e4 c5 2. Nf3 e6 3. d4 cxd4 4. Nxd4 a6 5. c4 Nf6 6. Nc3 Qc7 7. a3 d6 8. Be3 b6 9. g3 Bb7 10. Bg2 Nbd7 11. f4 Rc8 12. Rc1 Nc5 13. 0-0 Ncxe4 14. Nxe4 Bxe4 15. Qa4+ Qd7 16. Qxa6 Bxg2 17. Kxg2 Ng4 18. Bg1 d5 19. cxd5 Qxd5+ 20. Nf3 Rxc1 21. Rxc1 Be7 22. h3 Nf6 23. Rc8+ Bd8 24. Bxb6 0-0 25. Bxd8 Rxd8 26. Qc4 Qd7 27. Rxd8+ Qxd8 28. b4 Nd5 29. Qc5 h6 30. a4 Qf6 31. Nd4 Qg6 32. Kh2 Ne3 33. f5 exf5 34. Qe5 f4 35. Nf5 Nxf5 36. Qb8+ Kh7 37. Qxf4 Qe6 38. Qd2 Qe4 39. a5 Nd4 40. Qf4 Qxf4 41. gxf4 Kg6 42. a6 Nb5 43. Kg3 Kf5 44. Kf3 g5 45. fxg5 hxg5 46. Kg3 Ke4 47. Kg4 f5+ 48. Kxg5 f4 49. h4 f3 50. h5 f2 51. h6 f1Q 52. Kg6 Qf8 0-1

[Event "Gatineau Outaouais op"]
[Site "Gatineau"]
[Date "2016.06.04"]
[Round "2"]
[White "Yao, Sammy"]
[Black "Gordon, David"]
[Result "1/2-1/2"]
[WhiteElo "2063"]
[BlackElo "2310"]
[PlyCount "109"]
[EventDate "2016.06.03"]
[EventType "swiss"]
[EventRounds "5"]
[EventCountry "CAN"]
[SourceTitle "EXT 2022"]
[Source "ChessBase"]
[SourceDate "2021.10.06"]
[SourceVersion "1"]
[SourceVersionDate "2021.10.06"]
[SourceQuality "1"]

1. c4 e6 2. g3 d5 3. Bg2 Nf6 4. Nf3 c5 5. cxd5 Nxd5 6. 0-0 Nc6 7. Nc3 Be7 8. d4 cxd4 9. Nxd5 exd5 10. Nxd4 0-0 11. Nb5 Be6 12. Bf4 Rc8 13. Rc1 Qb6 14. Nc3 Qxb2 15. Rc2 Qa3 16. Nxd5 Rfd8 17. Nxe7+ Qxe7 18. Qa1 Bd5 19. Bxd5 Rxd5 20. Qb2 Rcd8 21. Be3 Qd7 22. Rc5 b6 23. Rxd5 Qxd5 24. Rc1 f6 25. Qa3 Rd7 26. Qa4 Ne5 27. Rc8+ Kf7 28. Qb3 Qxb3 29. axb3 Ke6 30. Kg2 Kd5 31. h3 Nc6 32. f4 f5 33. Kf3 g6 34. Bf2 b5 35. g4 Nd4+ 36. Bxd4 Kxd4 37. gxf5 gxf5 38. e3+ Kd5 39. b4 Ke6 40. Rc5 Rd5 41. Rc7 Rd7 42. Rxd7 Kxd7 43. e4 a5 44. bxa5 b4 45. a6 b3 46. a7 fxe4+ 47. Ke3 b2 48. a8Q b1Q 49. Qxe4 Qe1+ 50. Kd4 Qa1+ 51. Kd5 Qa5+ 52. Kc4 Qa4+ 53. Kd3 Qd1+ 54. Ke3 Qe1+ 55. Kd4 1/2-1/2

[Event "Gatineau op"]
[Site "Gatineau"]
[Date "2016.03.06"]
[Round "5"]
[White "Vettese, Nicholas"]
[Black "Yao, Sammy"]
[Result "1-0"]
[WhiteElo "2284"]
[BlackElo "2028"]
[PlyCount "51"]
[EventDate "2016.03.04"]
[EventType "swiss"]
[EventRounds "5"]
[EventCountry "CAN"]
[SourceTitle "EXT 2022"]
[Source "ChessBase"]
[SourceDate "2021.10.06"]
[SourceVersion "1"]
[SourceVersionDate "2021.10.06"]
[SourceQuality "1"]

1. e4 d6 2. d4 g6 3. f4 Bg7 4. Nf3 a6 5. h3 b5 6. c4 Bb7 7. e5 bxc4 8. Bxc4 d5 9. Bd3 e6 10. 0-0 Ne7 11. Nc3 Nd7 12. b4 c6 13. a4 0-0 14. a5 Nf5 15. Qe1 h5 16. Na4 Re8 17. g4 hxg4 18. hxg4 Nh6 19. Qg3 Rb8 20. Bd2 Bc8 21. Kg2 c5 22. bxc5 Rb3 23. Bc2 Rb5 24. f5 exf5 25. gxf5 Nxf5 26. Bxf5 1-0

[Event "Gatineau op"]
[Site "Gatineau"]
[Date "2016.03.06"]
[Round "4"]
[White "Yao, Sammy"]
[Black "Simic, Dusan"]
[Result "1-0"]
[WhiteElo "2028"]
[BlackElo "2193"]
[PlyCount "75"]
[EventDate "2016.03.04"]
[EventType "swiss"]
[EventRounds "5"]
[EventCountry "CAN"]
[SourceTitle "EXT 2022"]
[Source "ChessBase"]
[SourceDate "2021.10.06"]
[SourceVersion "1"]
[SourceVersionDate "2021.10.06"]
[SourceQuality "1"]

1. c4 Nf6 2. g3 g6 3. Bg2 Bg7 4. Nc3 d6 5. e4 c5 6. Nge2 Nc6 7. d3 0-0 8. 0-0 Rb8 9. f4 Bd7 10. h3 a6 11. Rb1 b5 12. Be3 Ne8 13. Qd2 Nd4 14. b4 Nc7 15. bxc5 dxc5 16. e5 Nce6 17. g4 b4 18. Nd5 Nxe2+ 19. Qxe2 Nd4 20. Bxd4 cxd4 21. Rxb4 Rxb4 22. Nxb4 Qa5 23. Nd5 Qd8 24. f5 e6 25. f6 Bh6 26. Ne7+ Kh8 27. Qe1 Be3+ 28. Kh1 Qb8 29. Qg3 Qb2 30. Qh4 Qd2 31. Be4 Bg5 32. Qf2 Qc3 33. h4 Be3 34. Qh2 Rb8 35. g5 Rb2 36. Qh3 Qc2 37. h5 Rb1 38. hxg6 1-0

[Event "Pere Noel op"]
[Site "Montreal"]
[Date "2015.12.29"]
[Round "4.12"]
[White "Gueorguiev, Valentin"]
[Black "Yao, Sammy"]
[Result "1/2-1/2"]
[WhiteElo "1942"]
[BlackElo "2079"]
[PlyCount "122"]
[EventDate "2015.12.26"]
[EventType "swiss"]
[EventRounds "5"]
[EventCountry "CAN"]
[SourceTitle "EXT 2019"]
[Source "ChessBase"]
[SourceDate "2018.10.10"]
[SourceVersion "1"]
[SourceVersionDate "2018.10.10"]
[SourceQuality "1"]

1. e4 d6 2. b3 Nf6 3. Nc3 e5 4. h3 Nbd7 5. g3 g6 6. Bg2 Bg7 7. Nge2 0-0 8. 0-0 c6 9. d3 Ne8 10. g4 Nc7 11. Ng3 Ne6 12. Be3 Nf4 13. Qd2 Nc5 14. Nce2 Nce6 15. Rad1 Nxg2 16. Kxg2 c5 17. f4 exf4 18. Nxf4 Nxf4+ 19. Bxf4 d5 20. Bh6 d4 21. Bxg7 Kxg7 22. Rf2 Be6 23. a4 b6 24. Rdf1 a6 25. Qf4 Kg8 26. g5 b5 27. axb5 axb5 28. h4 Qd7 29. Rh1 c4 30. bxc4 bxc4 31. h5 Qe7 32. Qh4 cxd3 33. cxd3 Ra2 34. Ne2 Ra5 35. Rf6 h6 36. hxg6 Rxg5+ 37. Ng3 Qxf6 38. Qxh6 Rxg3+ 39. Kxg3 Qxg6+ 40. Kf4 Qg4+ 41. Ke5 f6+ 42. Kxd4 Rd8+ 43. Kc3 Rc8+ 44. Kd4 Rd8+ 45. Kc3 Qg7 46. Qxg7+ Kxg7 47. Rf1 Kg6 48. Rf3 Kg5 49. Rf2 Bg4 50. Kc4 Re8 51. Kd4 Rh8 52. Ra2 Rh3 53. Ra5+ Kf4 54. Ra6 Rh6 55. Rb6 Be2 56. Rb5 Kf3 57. Rf5+ Kg4 58. Kc3 Bf3 59. Kd4 Rg6 60. Ke3 Bd1 61. Rf1 Bb3 1/2-1/2

[Event "Pere Noel op"]
[Site "Montreal"]
[Date "2015.12.27"]
[Round "2.2"]
[White "Lesiege, Alexandre"]
[Black "Yao, Sammy"]
[Result "1-0"]
[WhiteElo "2537"]
[BlackElo "2079"]
[PlyCount "73"]
[EventDate "2015.12.26"]
[EventType "swiss"]
[EventRounds "5"]
[EventCountry "CAN"]
[SourceTitle "EXT 2019"]
[Source "ChessBase"]
[SourceDate "2018.10.10"]
[SourceVersion "1"]
[SourceVersionDate "2018.10.10"]
[SourceQuality "1"]

1. c4 Nf6 2. g3 g6 3. Bg2 Bg7 4. Nf3 d6 5. d4 0-0 6. 0-0 Nbd7 7. Nc3 e5 8. e4 exd4 9. Nxd4 Re8 10. h3 a6 11. Be3 Rb8 12. b3 Nc5 13. Qc2 Bd7 14. Rad1 Qc8 15. b4 Ne6 16. Nde2 b5 17. c5 dxc5 18. bxc5 Bc6 19. Nd5 Nd7 20. Nd4 Nxd4 21. Bxd4 Ne5 22. Qc3 f6 23. Rfe1 Bxd5 24. exd5 Qf5 25. g4 Qg5 26. Qg3 Nf7 27. Qxc7 h5 28. Be3 Qh4 29. Qg3 Qxg3 30. fxg3 hxg4 31. hxg4 Ne5 32. d6 Rbd8 33. g5 Kh7 34. c6 f5 35. Bf4 Nc4 36. Rxe8 Rxe8 37. d7 1-0

[Event "Pere Noel op"]
[Site "Montreal"]
[Date "2015.12.26"]
[Round "1.13"]
[White "Yao, Sammy"]
[Black "Relyea, Alexander"]
[Result "1-0"]
[WhiteElo "2079"]
[BlackElo "1800"]
[PlyCount "65"]
[EventDate "2015.12.26"]
[EventType "swiss"]
[EventRounds "5"]
[EventCountry "CAN"]
[SourceTitle "EXT 2019"]
[Source "ChessBase"]
[SourceDate "2018.10.10"]
[SourceVersion "1"]
[SourceVersionDate "2018.10.10"]
[SourceQuality "1"]

1. c4 c6 2. g3 e6 3. Bg2 d5 4. Nf3 Nf6 5. 0-0 Nbd7 6. Qc2 Bd6 7. d4 0-0 8. Nbd2 Re8 9. e4 e5 10. exd5 cxd5 11. cxd5 exd4 12. Nxd4 Nb6 13. Nc4 Nbxd5 14. Nb5 Bb8 15. Bg5 Be6 16. Rfd1 Qd7 17. Nc3 Qc6 18. Bxf6 Qxc4 19. Bxd5 Bxd5 20. Rxd5 gxf6 21. Rh5 Be5 22. Qxh7+ Kf8 23. Ne4 Rad8 24. Rh4 Qc2 25. Qh6+ Ke7 26. Qe3 Rd1+ 27. Rxd1 Qxd1+ 28. Kg2 Bd4 29. Qa3+ Kd8 30. Qd6+ Kc8 31. Nc5 Rd8 32. Rh8 Rxh8 33. Qd7+ 1-0

[Event "Calgary op 8th"]
[Site "Calgary"]
[Date "2015.08.01"]
[Round "6"]
[White "Yao, Sammy"]
[Black "Nguyen, Kim"]
[Result "1-0"]
[WhiteElo "2041"]
[BlackElo "2113"]
[PlyCount "137"]
[EventDate "2015.07.29"]
[EventType "swiss"]
[EventRounds "9"]
[EventCountry "CAN"]
[SourceTitle "EXT 2017"]
[Source "ChessBase"]
[SourceDate "2016.10.25"]
[SourceVersion "1"]
[SourceVersionDate "2016.10.25"]
[SourceQuality "1"]

1. c4 Nf6 2. g3 e6 3. Bg2 d5 4. Nf3 c6 5. 0-0 dxc4 6. a4 c5 7. Na3 Nc6 8. Nxc4 Be7 9. b3 Nd5 10. Bb2 Bf6 11. Nfe5 Nxe5 12. Bxe5 Bxe5 13. Nxe5 f6 14. e4 Ne7 15. Nc4 e5 16. Qh5+ Ng6 17. f4 Qd4+ 18. Kh1 exf4 19. gxf4 0-0 20. Rae1 Be6 21. d3 Bf7 22. Qh3 Rad8 23. e5 Bxc4 24. dxc4 Nxf4 25. Qg3 Nxg2 26. exf6 Rxf6 27. Qxg2 Rxf1+ 28. Rxf1 b6 29. Qf3 Qd7 30. Qe4 h6 31. Rg1 Re8 32. Qf3 Qe6 33. Qb7 Re7 34. Qa8+ Kh7 35. Qg2 Qe4 36. Qxe4+ Rxe4 37. Rg3 Re2 38. Kg1 Rb2 39. h4 h5 40. Re3 Kg6 41. Rg3+ Kf6 42. Rf3+ Kg6 43. Rg3+ Kh6 44. Re3 g6 45. Rd3 Kg7 46. Rf3 Rd2 47. Re3 Kf6 48. Rf3+ Ke6 49. Rg3 Kf5 50. Rg5+ Kf6 51. Rg3 Rd4 52. Rf3+ Ke6 53. Re3+ Kf6 54. Rf3+ Ke5 55. Rf7 a5 56. Rb7 Rd6 57. Kg2 Kf4 58. Re7 Rd2+ 59. Kf1 Rd6 60. Kg2 Kg4 61. Re4+ Kf5 62. Re3 Kf4 63. Rg3 Re6 64. Rg5 Rd6 65. Kf2 Rd2+ 66. Ke1 Rb2 67. Rxg6 Rxb3 68. Rg5 Ke3 69. Rg3+ 1-0

[Event "Aurora Spring op"]
[Site "Aurora "]
[Date "2015.03.15"]
[Round "4.6"]
[White "Chen, Richard"]
[Black "Yao, Sammy"]
[Result "1-0"]
[WhiteElo "2032"]
[BlackElo "1943"]
[PlyCount "67"]
[EventDate "2015.03.14"]
[EventType "swiss"]
[EventRounds "5"]
[EventCountry "CAN"]
[SourceTitle "EXT 2019"]
[Source "ChessBase"]
[SourceDate "2018.10.10"]
[SourceVersion "1"]
[SourceVersionDate "2018.10.10"]
[SourceQuality "1"]

1. e4 g6 2. d4 Bg7 3. Nc3 a6 4. a4 d6 5. Be3 b6 6. g3 Bb7 7. Bg2 Nf6 8. h3 Nbd7 9. Nge2 c5 10. d5 0-0 11. 0-0 Re8 12. Qd2 Rb8 13. g4 Bc8 14. Ng3 b5 15. axb5 axb5 16. g5 b4 17. Nd1 Nh5 18. Nxh5 gxh5 19. Qe2 h4 20. Qh5 Ne5 21. f4 Nc4 22. f5 Nxe3 23. Nxe3 Rf8 24. e5 dxe5 25. f6 exf6 26. gxf6 Bxf6 27. Be4 Re8 28. Qxh7+ Kf8 29. Qh6+ Bg7 30. Rxf7+ Kxf7 31. Bg6+ Ke7 32. Qxg7+ Kd6 33. Bxe8 Qxe8 34. Ra7 1-0

[Event "Gatineau op-A"]
[Site "Gatineau"]
[Date "2015.03.??"]
[Round "1"]
[White "Yao, Sammy"]
[Black "Chiku Ratte, Olivier Kenta"]
[Result "1-0"]
[WhiteElo "2084"]
[BlackElo "2327"]
[PlyCount "63"]
[EventDate "2015.03.07"]
[EventType "swiss"]
[EventRounds "5"]
[EventCountry "CAN"]
[SourceTitle "EXT 2016"]
[Source "ChessBase"]
[SourceDate "2015.10.08"]
[SourceVersion "1"]
[SourceVersionDate "2015.10.08"]
[SourceQuality "1"]

1. e4 c5 2. Nf3 e6 3. d4 cxd4 4. Nxd4 a6 5. Bd3 Bc5 6. Nb3 Ba7 7. 0-0 Ne7 8. a4 0-0 9. Nc3 Nbc6 10. Kh1 d6 11. f4 f5 12. Qe2 fxe4 13. Nxe4 h6 14. Bd2 Nf5 15. g4 Nfd4 16. Nxd4 Nxd4 17. Qg2 d5 18. Nf2 Qh4 19. Rae1 Bd7 20. Re5 g5 21. f5 exf5 22. c3 Nc6 23. Rxd5 Rad8 24. Bc4 Kg7 25. Nd3 Ne7 26. Rxd7 Rxd7 27. Ne5 Rxd2 28. Qxd2 Bb6 29. Qd7 Bd8 30. Qxb7 fxg4 31. Rxf8 Kxf8 32. Ng6+ 1-0

[Event "Gatineau op-A"]
[Site "Gatineau"]
[Date "2015.03.??"]
[Round "4"]
[White "Yao, Sammy"]
[Black "Simic, Dusan"]
[Result "1-0"]
[WhiteElo "2084"]
[BlackElo "2133"]
[PlyCount "111"]
[EventDate "2015.03.07"]
[EventType "swiss"]
[EventRounds "5"]
[EventCountry "CAN"]
[SourceTitle "EXT 2016"]
[Source "ChessBase"]
[SourceDate "2015.10.08"]
[SourceVersion "1"]
[SourceVersionDate "2015.10.08"]
[SourceQuality "1"]

1. e4 e6 2. d4 d5 3. Nc3 Nf6 4. e5 Nfd7 5. Nce2 c5 6. c3 Nc6 7. f4 cxd4 8. cxd4 Bb4+ 9. Bd2 Qb6 10. Nf3 0-0 11. a3 Be7 12. Bc3 f6 13. Qd2 Qd8 14. Ng3 Nb6 15. Bd3 Bd7 16. Qc2 f5 17. b4 Rc8 18. Qd2 Na4 19. Rc1 Nxc3 20. Rxc3 Nxb4 21. Bxf5 exf5 22. Rxc8 Qxc8 23. axb4 Qc4 24. Kf2 Bxb4 25. Qb2 Rc8 26. Ne2 a5 27. Rc1 Qa6 28. Qb3 Rc4 29. Qe3 Be6 30. Nh4 Be7 31. Qh3 g6 32. Nf3 Qc6 33. Rb1 b5 34. Qh6 Bf8 35. Qg5 b4 36. h4 Qe8 37. h5 Be7 38. Qg3 Rc6 39. Rh1 Bc8 40. Nh4 Bxh4 41. Qxh4 gxh5 42. Qg5+ Rg6 43. Qxh5 Qf7 44. Qh4 Ba6 45. Qd8+ Kg7 46. Rc1 Bc4 47. Qxa5 Bxe2 48. Rc7 Bc4 49. Rxf7+ Kxf7 50. Qxb4 Ra6 51. Qb7+ Kg6 52. Qe7 h6 53. e6 Kh5 54. Qf7+ Kg4 55. Qg6+ Kxf4 56. Qg3+ 1-0